Genetics
| Main Author: | |
|---|---|
| Format: | Book |
| Published: |
UK :
Snapping-turtle guides ,
2003
|
| Subjects: |
MARC
| LEADER | 00000cam a2200000 7i4500 | ||
|---|---|---|---|
| 001 | 0000007531 | ||
| 005 | 20151222.0 | ||
| 008 | 070903 | ||
| 020 | |a 1860074669 | ||
| 090 | 0 | 0 | |a SC |b ENG |
| 100 | 1 | |a Graham,Ian | |
| 245 | 1 | 4 | |a Genetics |c Ian Graham |
| 260 | |a UK : |b Snapping-turtle guides , |c 2003 | ||
| 500 | |a Children ages 10-12 years old (pink) | ||
| 650 | 0 | |a UFOs | |
| 999 | |a 0000990345 |b Book |c Children Collection |e Cawangan Taman Sri Lambak | ||
| 999 | |a 0000990347 |b Book |c Children Collection |e Cawangan Muar | ||
| 999 | |a 0001053131 |b Book |c Children Collection |e Cawangan Taman Sri Lambak | ||